|
|
|
|
| LEADER |
02098nam a2200421 a 4500 |
| 001 |
45787 |
| 003 |
BD-DhAAL |
| 005 |
20260513182508.0 |
| 008 |
260513t2010 enkab b 001 0 eng |
| 010 |
|
|
|a 2009029982
|
| 020 |
|
|
|a 9781405155151
|
| 020 |
|
|
|a 1405155159
|
| 020 |
|
|
|a 9781405155168
|
| 020 |
|
|
|a 1405155167
|
| 020 |
|
|
|a 9781405155151
|
| 035 |
|
|
|a 15831631
|
| 035 |
|
|
|a (OCoLC)427757213
|
| 040 |
|
|
|a DLC
|c DLC
|d C#P
|d BWX
|d BWK
|d YDXCP
|d VVC
|d DLC
|d BD-DhAAL
|
| 043 |
|
|
|a a-ja---
|
| 050 |
0 |
0 |
|a BL2218
|b .B74 2010
|
| 082 |
0 |
4 |
|a 299.561
|2 23
|
| 100 |
1 |
|
|a Breen, John,
|d 1956-
|9 60692
|
| 245 |
1 |
2 |
|a A new history of Shinto /
|c John Breen and Mark Teeuwen.
|
| 250 |
|
|
|a First edition.
|
| 260 |
|
|
|a Chichester ;
|a Malden, MA :
|b Wiley-Blackwell,
|c 2010.
|
| 300 |
|
|
|a x, 264 pages :
|b illustrations, maps ;
|c 22 cm
|
| 490 |
1 |
|
|a Blackwell brief histories of religion series
|
| 504 |
|
|
|a Includes bibliographical references and index.
|
| 505 |
0 |
|
|a An alternative approach to the history of Shinto -- Kami shrines, myths, and rituals in premodern times -- The history of a shrine : Hie -- The history of a myth : the sun-goddess and the rock-cave -- The Daijōsai : a "Shinto" rite of imperial accession 168 -- Issues in contemporary Shinto.
|
| 526 |
8 |
|
|a AAL
|
| 541 |
1 |
|
|a Donated by Embassy of Japan in Bangladesh, Read Japan Project 2025, The Tokyo Foundation, supported by The Nippon Foundation.
|e 45787
|
| 650 |
|
0 |
|a Shinto
|x History.
|9 60700
|
| 700 |
1 |
|
|a Teeuwen, Mark.
|9 60688
|
| 830 |
|
0 |
|a Blackwell brief histories of religion.
|9 60701
|
| 852 |
1 |
|
|a Ayesha Abed Library
|c General Stacks
|
| 942 |
|
|
|2 ddc
|c BK
|
| 999 |
|
|
|c 47938
|d 47938
|
| 952 |
|
|
|0 0
|1 0
|2 ddc
|4 0
|6 299_561000000000000_BRE
|7 0
|9 79195
|a BRACUL
|b BRACUL
|d 2026-05-13
|e Donated by Embassy of Japan in Bangladesh, Read Japan Project 2025, The Tokyo Foundation, supported by The Nippon Foundation.
|l 0
|o 299.561 BRE
|p 3010045787
|r 2026-05-13
|t 1
|w 2026-05-13
|y BK
|x Donated copy received from Embassy of Japan in Bangladesh, Read Japan Project 2025, The Tokyo Foundation, supported by The Nippon Foundation on 08 April 2026; $34.00
|